[Event "Internationaux de France BLITZ"]
[Site "Saint Maur des Fosses, France"]
[Date "2024.06.16"]
[Round "13.6"]
[White "Lagarde, Maxime"]
[Black "Vlachos, Anatole"]
[Result "1-0"]
[WhiteElo "2604"]
[BlackElo "2470"]
[PlyCount "71"]
[EventDate "2024.??.??"]

1. c4 {765} c6 {1} 2. Nf3 {5} d5 3. g3 Nf6 {13} 4. Bg2 Bf5 {6} 5. O-O {13} e6 {
2} 6. d3 {19} Nbd7 {23} 7. Nc3 {9} Be7 {28} 8. cxd5 {17} cxd5 {27} 9. Nh4 {13}
Bg4 {3} 10. h3 {4} Bh5 11. g4 {2} Bg6 {15} 12. f4 {56} Bc5+ {11} 13. d4 {9} Bb6
{9} 14. f5 {17} exf5 {4} 15. Nxf5 {5} O-O {26} 16. Bg5 {1} Bxf5 {52} 17. Rxf5 {
2} Qc7 {3} 18. Rc1 {27} Qd6 {14} 19. Nxd5 {18} Nxd5 20. Rxd5 {5} Qe6 21. Kh1 {
19} Nf6 {26} 22. Re5 {10} Qxa2 {1} 23. Qd2 {27} Rac8 {20} 24. Rf1 {11} Qa4 {23}
25. Rxf6 {10} Qxd4 {16} 26. Rxb6 {31} Qxb6 {7} 27. Rd5 {13} Rfe8 {8} 28. e4 {5}
h6 {11} 29. Bf4 {1} Qb3 {2} 30. Rd3 {6} Qa2 {1} 31. Kh2 {3} Qb1 {2} 32. Rg3 {14
} Rc2 {5} 33. Qd7 {4} Rf8 {5} 34. g5 {7} h5 {3} 35. g6 {4} f6 {18} 36. Qd5+ {3}
1-0

[Event "Internationaux de France BLITZ"]
[Site "Saint Maur des Fosses, France"]
[Date "2024.06.16"]
[Round "13.7"]
[White "Shirazi, Kamran"]
[Black "Yuffa, Daniil"]
[Result "0-1"]
[WhiteElo "2258"]
[BlackElo "2609"]
[PlyCount "58"]
[EventDate "2024.??.??"]

1. d4 {8} Nf6 {2} 2. Nc3 {4} d5 {2} 3. Bg5 {1} c5 {2} 4. e4 {9} dxe4 {9} 5. d5
{8} a6 {15} 6. Bxf6 {14} exf6 {12} 7. Nxe4 {1} f5 {2} 8. Ng3 {35} Bd6 {18} 9.
Bd3 {6} g6 {10} 10. Nf3 {7} O-O {23} 11. c4 {12} Nd7 {15} 12. O-O {12} Nf6 {18}
13. Re1 {3} h5 {13} 14. Qd2 {8} f4 {22} 15. Ne4 {25} Nxe4 {5} 16. Rxe4 {14} Qf6
{13} 17. Rae1 {4} Bf5 {12} 18. R4e2 {2} Bg4 {7} 19. b3 {35} b6 {12} 20. Re4 {3}
Kg7 {36} 21. Ne5 {12} Bf5 {3} 22. R4e2 {9} Rfe8 {19} 23. Bxf5 {26} Bxe5 {20}
24. Bd7 {11} Bc3 {11} 25. Qd1 {29} Red8 {12} 26. Bc6 {11} Bxe1 {6} 27. Bxa8 {21
} Bc3 {12} 28. Bc6 {4} Qxc6 {6} 29. Re3 {66} Qf6 {42} 0-1

[Event "Internationaux de France BLITZ"]
[Site "Saint Maur des Fosses, France"]
[Date "2024.06.16"]
[Round "13.8"]
[White "Dourerassou, Jonathan"]
[Black "Gryshko, Vitalii"]
[Result "1-0"]
[WhiteElo "2422"]
[BlackElo "2294"]
[PlyCount "41"]
[EventDate "2024.??.??"]

1. e4 c5 {1} 2. Nf3 a6 {1} 3. c3 Nf6 {1} 4. e5 {1} Nd5 {1} 5. d4 {7} cxd4 {3}
6. Bc4 {31} e6 {19} 7. Bxd5 {7} exd5 {17} 8. Qxd4 {2} Qa5 {20} 9. O-O {14} Nc6
{2} 10. Qf4 Be7 {11} 11. Nbd2 {2} Qc7 {18} 12. Nb3 {6} d6 {2} 13. Qg3 {5} dxe5
{26} 14. Qxg7 {5} Rf8 {6} 15. Re1 {13} e4 {11} 16. Nfd4 {6} Qe5 {7} 17. Qh6 {14
} Rg8 {34} 18. Nxc6 {15} Qf5 {141} 19. Nxe7 {16} Kxe7 20. Qf4 {13} Qh3 {2} 21.
Qg5+ {10} 1-0